| 000 | 01422cab a22002895a 4500 | ||
|---|---|---|---|
| 001 | L149687 | ||
| 008 | 100408e20100327xxk 000 0 eng d | ||
| 035 | _a(Sirsi) u149687 | ||
| 041 | 0 | _aeng | |
| 100 | 1 | _aChandler, Bill | |
| 245 | 0 | 0 | _aIt's unreasonably difficult |
| 260 | _c2010 | ||
| 490 |
_aEstates Gazette _v(1012) 27 March 2010, 92-93(2) |
||
| 520 | _aUnderletting and subletting of commercial leases by tenants to a third party usually requires landlord's consent. Leases impose conditions and restrictions on creating underleases and sub leases.Landlord and Tenant Act 1927 s19(1) and Landlord and Tenant Act 1988 s1 require landlords not to unreasonably withhold or delay consent. Discusses passing rent issues and preconditions with reference to case law | ||
| 590 | _aKA | ||
| 650 | 2 | 4 | _aLANDLORD AND TENANT ACT 1927 S19(1) |
| 650 | 2 | 4 | _aLANDLORD AND TENANT ACT 1988 S1 |
| 650 | 2 | 4 | _aHOMEBASE LTD AND ANOTHER V ALLIED DUNBAR ASSURANCE PLC |
| 650 | 2 | 4 | _aMOUNT EDEN LAND LTD V FOLIA LTD |
| 650 | 2 | 4 | _aLOMBARD NORTH CENTRAL PLC V REMAX HERVARNE LTD |
| 650 | 2 | 4 | _aNCR LTD V RIVERLAND PORTFOLIO NO 1 LTD |
| 650 | 2 | 4 | _aCRESTFORT LIMITED AND OTHERS V TESCO STORES LIMITED AND ANOTHER |
| 650 | 2 | 4 | _aCODE FOR LEASING BUSINESS PREMISES IN ENGLAND AND WALES 2007 |
| 651 | 4 | _aENGLAND AND WALES | |
| 690 | _aPROPERTY-COMMERCIAL PROPERTY-COMMERCIAL LANDLORD AND TENANT-COMMERCIAL LEASES | ||
| 942 | _n0 | ||
| 999 |
_c82254 _d82254 |
||